Stockholm Boroughs - Statistics

General Stats
  • This quiz has been taken 104 times
  • The average score is 7 of 12
Answer Stats
Answer % Correct
Östermalm
99%
Södermalm
99%
Norrmalm
96%
Kungsholmen
79%
Enskede-Årsta-Vantör
68%
Bromma
63%
Hässelby-Vällingby
50%
Farsta
41%
Hägersten-Älvsjö
41%
Spånga-Tensta
34%
Skarpnäck
29%
Skärholmen
21%
No matching quizzes found
Score Distribution
Percent of People with Each Score
Percentile by Number Answered
Your Score History
You have not taken this quiz